Entry Personal Name
Number of records used in: 1
001 - CONTROL NUMBER
003 - CONTROL NUMBER IDENTIFIER
005 - DATE AND TIME OF LATEST TRANSACTION
- control field:
20221031134745.0
008 - FIXED-LENGTH DATA ELEMENTS
- fixed length control field:
040329n| azannaabn |n aaa
010 ## - LIBRARY OF CONGRESS CONTROL NUMBER
- LC control number:
n 2004007915
040 ## - CATALOGING SOURCE
- Original cataloging agency:
DLC
- Language of cataloging:
eng
- Description conventions:
rda
- Transcribing agency:
DLC
- Modifying agency:
DLC
100 1# - HEADING--PERSONAL NAME
- Personal name:
Erl, Thomas
373 ## - ASSOCIATED GROUP
- Associated group:
XMLTC Consulting, Inc.
374 ## - OCCUPATION
- Occupation:
Computer architect
- Occupation:
Photographer
- Occupation:
Artist
670 ## - SOURCE DATA FOUND
- Source citation:
Erl, Thomas. Service-oriented architecture, 2004:
- Information found:
CIP t.p. (Thomas Erl) galley, About the author (XMLTC Consulting, Inc., Vancouver BC; computer architect, photographer, artist)